| 000 | 00566nam a2200193Ia 4500 | ||
|---|---|---|---|
| 999 |
_c11272 _d11272 |
||
| 003 | OSt | ||
| 005 | 20191221115640.0 | ||
| 008 | 190216s9999||||xx |||||||||||||| ||und|| | ||
| 020 | _a9788126544349 | ||
| 040 | _coclc | ||
| 082 |
_a338.5024658 _bSAM/M |
||
| 100 |
_a Samuelson, William F _9651 |
||
| 245 | 0 |
_aManagerial Economics / _cWilliam F Samuelson ; Stephen G Marks |
|
| 250 | _a6th ed. | ||
| 260 |
_bWiley India, _c2014. _aDelhi: |
||
| 300 | _a745p | ||
| 650 | _aEcnomics | ||
| 942 |
_cBK _2ddc _h338.5024658 _iSAM/M _k338.5024658 _mSAM/M |
||